A matter of context (Record no. 70195)
[ view plain ]
| 000 -LEADER | |
|---|---|
| fixed length control field | 00895cam a2200193 4500 |
| 001 - CONTROL NUMBER | |
| control field | ABS65452 |
| 008 - FIXED-LENGTH DATA ELEMENTS--GENERAL INFORMATION | |
| fixed length control field | 020508n2002 000 0 eng u |
| 035 ## - SYSTEM CONTROL NUMBER | |
| System control number | (Sirsi) u117872 |
| 100 ## - MAIN ENTRY--PERSONAL NAME | |
| Personal name | Osment, F |
| 245 #2 - TITLE STATEMENT | |
| Title | A matter of context |
| 260 ## - PUBLICATION, DISTRIBUTION, ETC. | |
| Date of publication, distribution, etc. | 2002 |
| 490 ## - SERIES STATEMENT | |
| Series statement | Landscape Design |
| Volume/sequential designation | 309 April 2002, 16-18(2) |
| 520 ## - SUMMARY, ETC. | |
| Summary, etc. | Examines whether an alternative approach to regional identity must be undertaken for benefit of landscape environment and people. Two concepts of regional identity are highlighted, romantic-modernist; and view of place as expression of social, economic and natural processes. Recommends adoption of sustainable development to create new regional identities to reflect positive, creative and pragmatic response to place. |
| 590 ## - LOCAL NOTE (RLIN) | |
| Local note | ABS |
| 650 ## - SUBJECT ADDED ENTRY--TOPICAL TERM | |
| Topical term or geographic name entry element | LANDSCAPE ARCHITECTURE |
| 650 ## - SUBJECT ADDED ENTRY--TOPICAL TERM | |
| Topical term or geographic name entry element | REGIONAL LANDSCAPES |
| 690 ## - LOCAL SUBJECT ADDED ENTRY--TOPICAL TERM (OCLC, RLIN) | |
| Topical term or geographic name as entry element | RURAL-NATURE CONSERVATION |
| 942 ## - ADDED ENTRY ELEMENTS (KOHA) | |
| Suppress in OPAC | 0 |
| Withdrawn status | Lost status | Source of classification or shelving scheme | Damaged status | Not for loan | Home library | Current library | Shelving location | Date acquired | Total Checkouts | Full call number | Barcode | Date last seen | Copy number | Price effective from | Koha item type |
|---|---|---|---|---|---|---|---|---|---|---|---|---|---|---|---|
| Dewey Decimal Classification | London | London | Journal article | 08/05/2002 | ABS65452 | 117872-1001 | 06/08/2019 | 1 | 06/08/2019 | Journal article |